| 000 | 00537cam a22002051 4500 | ||
|---|---|---|---|
| 001 | med47002232 | ||
| 003 | DLC | ||
| 005 | 20260227111605.0 | ||
| 008 | 810815s1944 xx a 000 0 ger | ||
| 010 | _amed47002232 | ||
| 035 | _a(OCoLC)14744350 | ||
| 040 |
_aDLC _cDNLM _dDLC |
||
| 042 | _apremarc | ||
| 050 | 0 | 0 |
_aRC76.3 _b.L37 |
| 060 | 0 |
_aWB 278 _bL256g 1944 |
|
| 100 | 1 |
_aLandes, Georg, _d1906- |
|
| 245 | 1 | 0 | _aGrundriss der Perkussion und Auskultation ... |
| 260 |
_aBerlin, _bDe Gruyter, _c1944. |
||
| 300 |
_aviii, 111 p. _bill. |
||
| 999 |
_c38535 _d38535 |
||